00691nam a2200181 a 4500008004100000020001500041050001500056100001700071245006100088260003500149300001600184350000900200650001500209650001600224995011000240999001700350952014200367120416s1994 ||||||||||||||||| || u a0412336502 aBF 515 Psy aGibson, H. B10aPsychology, pain and anaesthesiacedited by H. B. Gibson aLondonbChapman and Hallc1994 aviii, 314p. a0.00 3aPSYCHOLOGY aANAESTHESIA D0.00FCBU-MAIN LIBRARY (Kitwe)H1I21.95M1UAVAILABLEWMay 15, 2006ZMain Library Open Access Collection c55242d55242 00102lcc4070a001b001cMain Library Open Access Collectiond2022-11-30l1oBF 515 Psyp46394r2026-05-20s2026-05-12w2022-11-30y002